000 00933pam a2200277 a 4500
999 _c5697
_d5697
001 1180227
003 OSt
005 20200128102941.0
008 970507s1998 maua b 001 0 eng
010 _a 97015805
020 _a007039184X
020 _a9780071156059
040 _aDLC
_cDLC
_dDLC
050 0 0 _aHD58.7
_b.L88 1998
082 0 0 _a658.3
_221
_bLUT/O
100 _a Luthans, Fred
_91515
245 1 0 _aOrganizational behavior /
_cFred Luthans.
250 _a8th ed.
260 _aBoston, Mass. :
_bIrwin/McGraw-Hill,
_cc1998.
300 _a1 v. (various pagings) :
_bcol. ill. ;
_c26 cm.
504 _aIncludes bibliographical references and indexes.
650 0 _aOrganizational behavior.
906 _a7
_bcbc
_corignew
_d1
_eocip
_f19
_gy-gencatlg
942 _2ddc
_cBK
_h658.3
_iLUT/O
_k658.3
_mLUT/O